00322nam a2200145Ia 4500008004100000020001500041041001200056082001100068100001400079245003400093250000800127260002500135300000800160650000800168221030s9999 xx 000 0 und d a0070582910 aEnglish a105.23 aS. M. Sze 0aVLSI Technologycby S. M. Sze a2nd bTMHaNew Delhic2011 a676 aECE